• 首页
  • 本馆介绍
  • 公告通知
  • 最新文献
  • 馆藏检索
  • 电子资源
  • 读者导购
  • 参考咨询
  • 我的图书馆
  • 登录
  • 详细信息显示
  • 放入我的书架
  • 预约/预借图书
  • 作者相关作品
  • 分类相关作品
  • 丛书相关作品
  • 出版社相关作品

书目信息

  • 表格格式
  • 工作单格式
  • 卡片格式
题名:
你们我们他们
    
 
作者: 几米 著
分册:  
出版信息: 北京   人民文学出版社  2007
页数: 119页
开本: 20cm
丛书名:
单 册:
中图分类: J228.2
科图分类:
主题词: 漫画--中国--现代--画册 , 漫画
电子资源:
ISBN: 978-7-02-006290-4
000 00843nam0 2200277 45
001 1133614859
005 20110413090346.43
010    @a978-7-02-006290-4@dCNY27.00
100    @a20110406e20092007ekmy0chiy0120 ea
101 0  @achi
102    @aCN@b110000
105    @aa t 000yy
106    @ar
200 1  @a你们我们他们@ANi Men Wo Men Ta Men@dSomething about love@e几米作品集@EJi Mi Zuo Pin Ji@f几米著@FJi Mi Zhu@zeng
210    @a北京@c人民文学出版社@d2007@h2009
215    @a119页@d20cm
300    @a99畅销文库
306    @a台湾大块文化出版股份有限公司授权出版
510 1  @aSomething about love@zeng
517 1  @a几米作品集@AJi Mi Zuo Pin Ji
606 0  @a漫画@y中国@z现代@j画册
606 0  @a漫画
690    @aJ228.2@v4
701  0 @a几米@AJi Mi@4著
801  0 @aCN@bTANGWEI@c20110413
905    @b0535345-49@dJ228.2@e273:2@f5
    
    你们我们他们=Something about love:几米作品集/几米著.-北京:人民文学出版社,2007(2009)
    119页;20cm
    99畅销文库
    
    ISBN 978-7-02-006290-4:CNY27.00
    
●
相关链接 在E读中查询图书 在五车中查询图书 在当当中查询图书 在豆瓣中查询图书


正题名:你们我们他们     索取号:J228.2/273:2         预约/预借

序号 登录号 条形码 馆藏地/架位号 状态 备注
1 0535345   205353455   第一样本阅览室/ [索取号:J228.2/273:2] 在馆    
2 0535346   205353464   第一借阅区/ [索取号:J228.2/273:2] 在馆    
3 0535347   205353473   第一借阅区/ [索取号:J228.2/273:2] 在馆    
4 0535348   205353482   第一借阅区/ [索取号:J228.2/273:2] 在馆    
5 0535349   205353491   第一借阅区/ [索取号:J228.2/273:2] 在馆    
唐山师范学院图书馆 欢迎您!
大连网信软件有限公司© 版权所有